[Event "Principal 03/04"]
[Site "?"]
[Date "2003.10.04"]
[Round "1"]
[White "Crapon, Laurent"]
[Black "Pierrugues, Laurent"]
[Result "1/2-1/2"]
[WhiteElo "1780"]
[BlackElo "1890"]
[PlyCount "91"]

1. d4 Nf6
2. Nf3 g6 3. c4 Bg7 4. Nc3 O-O 5. Bf4 d6 6. Qd2 (6. e3 Nh5 7. Bg5 h6 8. Bh4 f5
9. Nd2 Nf6 10. Bg3 Nh5 11. Bh4 Nf6 12. Bg3 Nh5 13. Bh4 13... Nf6 {
1/2-1/2 Iljushin,A-Lalic,B/Linares 1998/CBM 62 ext (13) } ) 6... Nbd7 7. Bh6 $146
7... c5 8. Bxg7 Kxg7 9. d5 {Les Blancs gagnent de l'espace} 9... Qa5 10. e3
10... a6 {prepare ...b5} 11. Bd3 Ng4 12. O-O Nge5 13. Nxe5 Nxe5 14. f4 Nxd3 15.
Qxd3 f5 16. e4 b5 17. cxb5 {17.e5 bxc4 18.Qxc4 Bd7 +/=} 17... axb5 $11 18.
exf5 Bxf5 19. Qxb5 Qxb5 20. Nxb5 Rab8 21. a4 Bd7 22. Rfe1 {
22.Nc3 Rxb2 23.Rfe1 Kf7 24.a5 +/=} 22... Bxb5 $11 23. Rxe7+ 23... Rf7 {
23...Kh6!? 24.axb5 Rxf4 25.Raa7 =} 24. Rxf7+ $14 24... Kxf7 25. axb5 Rxb5 26.
Ra6 Rxb2 27. Rxd6 Rd2 28. Rd7+ Kf6 29. Rxh7 Rxd5 30. Kf2 c4 31. Rc7 Rd2+ 32.
Kf3 Rc2 33. Rc6+ Kf7 34. g4 34... c3 $2 {Si les Noirs avaient vu le plan
gagnant des Blancs, ils auraient troque leur Pc, qu'il devront lacher tot ou
tard, contre le Ph #} (34... Rxh2 $1 35. Rxc4 Rh1 36. Rc7+ Ke6 37. Rc6+ Kf7 38.
Rc8 $16 {mais les Noirs sont bien places et doivent obtenir la nulle}) {
Faisons le point : La R blanche est idealement placee derriere le Pc et
restreint le K noir sur les deux dernieres rangees. La R noire est passive et
devra lacher tot ou tard le Pc. La position du K blanc doit etre amelioree
pour soutenir ses pions tout en evitant le piege : Rc1-Pc2-Rf1+-c1=Q gagnant
la R adverse. La solution consiste donc a faire passer le K blanc devant ses
pions et faire le siege du Pg6 avant d'avancer ses propres pions a l'aile-roi.
Le circuit Kg3-Kh4-Kg5 est tout indique.} 35. h4 $4 {
Les Blancs se privent d'un passage pour leur K et de la victoire} (35. Kg3 $142
$1 {gagne} 35... Kg7 (35... Rc1 36. Kh4 c2 37. Kg5 Kg7 38. Rxg6+ Kf7 39. Rc6
Ke7 40. f5 $18) 36. h3 $1 {le coup gagnant} 36... Kf7 (36... g5 37. fxg5 $18)
37. Kh4 Rc1 38. Kg5 c2 39. Rc3 Kg7 40. Rc7+ Kf8 41. Kxg6 Rf1 42. Rxc2 Rxf4 43.
Rc7 Rf3 44. Rh7 Rd3 45. Rh8+ Ke7 46. g5 Rd6+ 47. Kg7 Rd4 48. g6 Ke6 49. Rh6 Rd3
50. Kh8 Rd8+ 51. Kh7 Kf5 52. g7 Rd7 53. Kh8 Rd8+ 54. g8=Q $18 {fini!}) 35...
Rc1 $16 {d'apres Fritz, mais la partie est deja nulle} 36. h5 gxh5 37. gxh5 c2
38. Ke2 Rh1 39. Rxc2 Rxh5 40. Ke3 Kf6 41. Rc6+ Ke7 42. Ke4 Kd7 43. Rb6 Ke7 44.
f5 Rh1 45. Rg6 Kf7 46. Rg4 1/2-1/2

[Event "Principal 03/04"]
[Site "?"]
[Date "2003.10.04"]
[Round "1"]
[White "Ferrero, Patrick"]
[Black "Zejneli, Skender"]
[Result "0-1"]
[WhiteElo "2014"]
[BlackElo "2100"]
[PlyCount "108"]

1. d4 f5 2. Nf3 Nf6 3. e3 e6 4. Be2 {
on joue plutot 4.c4 b6 5.Bd3 Bb7 6.0-0 =} 4... b6 5. Ne5 $146 5... Bb7 6.
Bh5+ g6 7. Bf3 7... c6 {
Enterre le Bb7, mais les Noirs ne veulent pas l'echanger.} 8. Nc3 {8.0-0; 8.Nd
2 ou 8.c4 sont preferables. Ici le Nc3 ne fait rien pour le centre des Blancs}
8... d5 9. Bd2 Bd6 10. Be2 Nbd7 11. Nd3 b5 12. f4 b4 13. Na4 Ne4 14. O-O ({Pas
} 14. Bxb4 14... Qh4+ 15. g3 Bxb4+ 16. Nxb4 Nxg3 17. hxg3 Qxh1+ 18. Kd2 18...
Qg2 $17) (14. Nxb4 $2 {echoue a cause de} 14... Qh4+ 15. g3 Nxg3 16. hxg3 Qxh1+
17. Bf1 17... Nf6 $19) 14... Qe7 15. Qe1 {Augmente la pression sur b4} 15... a5
16. Ne5 Ndf6 17. b3 O-O 18. c4 c5 19. cxd5 Nxd5 20. Rc1 cxd4 21. exd4 Rac8 22.
Bd3 Ndf6 23. Nb6 23... Rc7 {23...Rxc1 24.Bxc1 Qd8 25.Nbc4 =/+} 24. Nbc4 Ra8
25. Nxd6 Qxd6 26. Rxc7 Qxc7 27. Qc1 {27.Be3 Nd5 =} 27... Qd6 {
27...Qxc1 28.Bxc1 a4 29.Bc4 =/+} 28. Be3 $11 28... Nc3 {Une superbe case!}
29. Rf2 29... Rc8 {29...Be4 30.Bc4 Nfd5 =/+} 30. Rc2 $11 30... Be4 {
les Noirs gardent l'initiative} 31. Bxe4 Nfxe4 32. Nc4 (32. Qe1 32... a4 $1 33.
Nd3 (33. bxa4 33... Qa6 $15) 33... axb3 34. axb3 34... Ra8 $15) 32... Qc7 33.
Kf1 a4 34. Nd2 {34.Ne5 Qa5 -/+} 34... axb3 {34...Qb7 35.Nc4 Qb5 -/+} 35.
axb3 Qb7 36. Nc4 Qa6 37. Ke1 Ra8 38. Bd2 Qa7 39. Bxc3 $2 (39. Be3 $5 39... Qa1
40. h3 Qxc1+ 41. Bxc1 Ra1 42. Ne5 Rb1 43. Nd3 Rxb3 44. Rb2 Rxb2 45. Bxb2 45...
Nd5 $19) 39... bxc3 $19 {mais pas 39...Nxc3?! 40.Qe3 =/+} 40. Ne5 40... Qxd4
{Menacant d'un mat en 5 par ...Qg1+} 41. Nf3 Qb4 42. Ng5 Nxg5 (42... Nc5 {
et les Noirs peuvent se relaxer} 43. Qe3 h6 44. Nf3 Ra1+ 45. Kf2 Qxb3 46. Qxc5
Qxc2+ 47. Kg3 47... Ra8 $19) 43. fxg5 43... Rc8 {
pas 43...Qxb3?! 44.Rxc3 Qb4 45.Ke2 -/+} 44. Qe3 $19 44... Qxb3 45. Re2 45...
e5 $1 46. h4 {si 46.Qxe5? c2 -+} 46... e4 (46... Qb1+ $142 {
et les Noirs gagnent} 47. Kf2 c2 48. Re1 c1=Q 49. Rxc1 Rxc1 50. Qxe5 Rf1+ 51.
Kg3 51... f4+ $19) 47. h5 Qb1+ 48. Kf2 48... f4 $1 49. Qh3 e3+ 50. Kf3 Qf1+ 51.
Ke4 51... Re8+ {evitant le dernier piege} (51... Qxe2 $4 52. Qxc8+ Kf7 53. Qd7+
{nulle}) 52. Kd3 52... c2 $1 53. hxg6 hxg6 ({mieux :} 53... Qd1+ 54. Rd2 Qxd2+
55. Kc4 c1=Q+ 56. Kb5 Qdb2+ 57. Ka4 Qca1#) 54. Qg4 54... c1=N+ {
Spirituel, mais ce n'est pas le meilleur coup} (54... c1=N+ 55. Kc3 Nxe2+ 56.
Qxe2 Qxe2 57. Kd4 Qd2+ 58. Kc5 Qc2+ 59. Kd6 Rd8+ 60. Ke7 Qc7+ 61. Ke6 Qd6#) (
54... c1=Q {est meilleur} 55. Qe6+ Rxe6 56. Kd4 Qfd1+ 57. Rd2 Qdxd2#) 0-1

[Event "Principal 03/04"]
[Site "?"]
[Date "2003.10.04"]
[Round "1"]
[White "Girard, Jean-Pierre"]
[Black "Cortes, Antoine"]
[Result "0-1"]
[WhiteElo "1998"]
[BlackElo "2118"]
[PlyCount "52"]

1. e4 c5 2. Nf3 Nc6 3. d4
cxd4 4. Nxd4 Nf6 5. Nc3 d6 6. Be2 e6 7. O-O Be7 8. f4 O-O 9. Kh1 a6 10. Be3 Qc7
11. a4 Re8 12. Nb3 b6 13. Bf3 Rb8 14. Qe2 Na5 15. Rad1 15... Nc4 $146 {
les Noirs ont l'initiative} ({ou} 15... Bf8 16. Qf2 Nc4 17. Bc1 17... b5 $11)
16. Bc1 b5 17. axb5 axb5 18. Nd4 b4 19. Ncb5 Qc5 20. b3 Na5 21. c3 (21. Nxd6
Qxd6 22. e5 Qb6 23. exf6 23... Ba6 $15) 21... Nxb3 22. cxb4 (22. Nxb3 Qxb5 23.
Qxb5 23... Rxb5 $17) 22... Qxb4 $17 {#} ({Plus faible est} 22... Nxc1 $2 23.
Rxc1 (23. bxc5 $143 $2 23... Nxe2 24. Bxe2 24... dxc5 $15 (24... Nxe4 $143 $2
25. Nc6 Ba6 26. cxd6 (26. Nxd6 $143 $2 26... Bxe2 27. Nxe4 Bxf1 28. Rxf1 28...
Rb2 $19) (26. Nxe7+ $143 $2 26... Rxe7 27. cxd6 27... Rd7 $17) 26... Bxd6 27.
Nxb8 Bxb8 28. Rd4 $14)) 23... Qxb4 24. Rb1 $14) 23. Be3 $2 ({il fallait jouer} 
23. Nxb3 23... Qxb5 (23... Qxb3 $6 24. Nxd6 Rd8 25. Rd3 $11) (23... Rxb5 $6 24.
Nd4 Rb6 25. Qf2 $17) 24. Qxb5 24... Rxb5 $17) 23... Nxd4 $4 {
les Noirs manquent le coche} (23... Ba6 $142 24. Qe1 Rxb5 25. Nxb5 Qxe1 26.
Rfxe1 26... Bxb5 $19) 24. Rxd4 $4 (24. Nxd4 $142 {evite la defaite} 24... Bd7
25. e5 25... Nd5 $15) 24... Qxb5 $19 25. Qxb5 Rxb5 26. e5 dxe5 (26... dxe5 27.
fxe5 27... Rxe5 $19) 0-1

[Event "Principal 03/04"]
[Site "?"]
[Date "2003.10.04"]
[Round "1"]
[White "Nguyen, Patrick"]
[Black "Chauvet, Jean-Marc"]
[Result "0-1"]
[WhiteElo "1860"]
[BlackElo "2020"]
[PlyCount "68"]

1. e4 e6 2. d4 d5 3. Nc3 Nf6
4. Bg5 Bb4 5. exd5 (5. e5 {est plus courant et probablement meilleur} 5... h6
6. Bd2 Bxc3 7. bxc3 Ne4 8. Qg4 8... Kf8 $11) 5... Qxd5 6. Bxf6 Bxc3+ 7. bxc3
gxf6 8. Qd2 (8. Qg4 Nd7 9. Bd3 Kf8 10. Ne2 c5 11. O-O h5 12. Qf4 e5 13. Qe3
cxd4 14. cxd4 exd4 15. Nxd4 Qe5 16. Rab1 Nc5 17. Rb5 b6 18. Re1 Bd7 19. Rbb1
Re8 20. Bb5 Qxe3 21. Rxe3 Rxe3 22. fxe3 22... Be6 {
Pein,M-Vaisser,A/London Lloyds 1991/TD 91\08/1/2-1/2 (48)}) 8... Qa5 $146 {
un coup plutot rare} ({on joue soit :} 8... c5 9. Ne2 cxd4 10. cxd4 Nc6 11. Qf4
Ke7 12. c3 Qa5 13. g3 $14) ({soit :} 8... Nd7 9. c4 Qe4+ 10. Ne2 Nb6 11. f3 Qc6
12. c5 Nd5 13. c4 Ne7 14. Nc3 14... f5 $14) 9. c4 $11 9... Qxd2+ 10. Kxd2 c5
11. dxc5 $6 {11.d5 b6 =} 11... Bd7 $15 12. Be2 {L'idee est Bf1-Be2-Bf3-Bd5}
12... Na6 13. Bf3 13... Nxc5 {
Les Noirs recuperent le pion et une bonne case pour le cavalier} 14. Rb1 e5 15.
Bd5 15... O-O-O $17 {les Noirs ont l'initiative} 16. Ne2 Rhg8 17. Nc3 Be6 18.
g3 Rg4 19. Ke3 ({ou bien} 19. Kc1 19... Bxd5 20. Nxd5 20... Rxc4 $17) 19...
Bxd5 20. Nxd5 {#} 20... Rxc4 {20...Re4 est meilleur 21.Kf3 Rxc4 -/+} 21. Nxf6
$2 (21. Rhd1 $142 $5 {il vaut mieux disputer la colonne d aux Noirs} 21... Rxc2
22. Ne7+ Kc7 23. Nd5+ Kb8 24. Nxf6 Rxd1 25. Rxd1 $17 {
permet aux Blancs une defense plus active. Mais est-ce suffisant pour annuler ?
}) 21... Rc3+ $19 22. Ke2 Rxc2+ 23. Kf3 Rdd2 24. Kg4 {
ou 24.Rhf1 Rxa2 25.Rbc1 b6 -+} 24... Rxf2 25. Nxh7 Rxh2 26. Rxh2 Rxh2 27. Rc1
b6 ({mais pas :} 27... Rxh7 $6 28. Rxc5+ Kd7 29. Rxe5 $17) 28. Ng5 Rf2 29. Kh5
Kd7 30. Rc4 30... f5 {30...f6!? 31.Nh7 e4 -+} 31. Kg6 f4 (31... e4 $5 {
semble meme mieux} 32. Nh3 Rxa2 33. Kxf5 $19) 32. gxf4 exf4 33. Nh3 ({si} 33.
a4 33... Ne6 34. Kf5 Nxg5 35. Kxg5 35... Kd6 $19) 33... Rxa2 34. Rxf4 {
sur 34.Nxf4 a5 -+} 34... Kc6 (34... Kc6 35. Rf6+ 35... Kb5 $19 {
les P noirs ne pourront etre arretes qu'au prix de lourdes pertes.}) 0-1

[Event "Principal 03/04"]
[Site "?"]
[Date "2003.10.04"]
[Round "1"]
[White "Vargin, Benjamin"]
[Black "Battaglia, Gerard"]
[Result "1-0"]
[WhiteElo "1900"]
[BlackElo "2040"]
[PlyCount "83"]

1. e4 e6 2. d4 d5 3. e5 c5 4. c3
Nc6 5. Nf3 Qb6 6. Be2 Bd7 7. O-O Rc8 8. b3 $146 ({
Fritz donne la suite theorique :} 8. Na3 8... cxd4 9. cxd4 Nb4 10. Bd2 Ne7 11.
Bc3 h5 12. Nc2 Nxc2 13. Qxc2 Bb5 14. Rfc1 Nc6 15. Bxb5 Qxb5 16. Qd1 16... Be7
$11) 8... f6 9. Bb2 Be7 10. Na3 cxd4 11. cxd4 Nb4 12. Qd2 Nh6 13. Bc3 Nf7 14.
Rfc1 14... a6 {Securise b5} 15. Nc2 Nxc2 16. Rxc2 ({Pire est} 16. Qxc2 16...
fxe5 17. dxe5 17... Ba3 $15) 16... O-O $11 17. Rb1 fxe5 18. dxe5 Bc5 19. Bd3
19... Bxf2+ $4 {les Noirs donnent une piece sans compensation} (19... Bb5 $142
20. Bxb5 20... Qxb5 $14) 20. Qxf2 $18 20... Qxf2+ 21. Kxf2 Bb5 22. Bxb5 22...
axb5 {ou 22...Nxe5 23.Bxe5 Rxc2+ +-} 23. Rbc1 Nd8 24. Bb4 Rxc2+ 25. Rxc2 Re8
26. Rc8 Kf7 27. h4 h6 28. Nd4 (28. Rb8 {semble meme mieux} 28... Nc6 29. Rxb7+
29... Kg6 $18) 28... g5 29. Nxb5 Kg6 30. hxg5 hxg5 31. Kg1 (31. Ba5 $142 {
et les Blancs gagnent} 31... Rf8+ 32. Ke2 Rf5 33. Rxd8 Rxe5+ 34. Kd3 34... Rf5
$18) 31... Rh8 32. Ba5 Nf7 33. Rxh8 Nxh8 34. Nd6 g4 35. Nxb7 d4 36. Nc5 Kf5 37.
Bc7 Ng6 38. a4 Ne7 39. a5 Nd5 40. Bd6 Nc3 41. a6 Nb5 42. g3 1-0

[Event "Principal 03/04"]
[Site "?"]
[Date "2003.11.08"]
[Round "2"]
[White "Chauvet, Jean-Marc"]
[Black "Vargin, Benjamin"]
[Result "1-0"]
[WhiteElo "2020"]
[BlackElo "1900"]
[PlyCount "75"]

1. e4 e5 2. Nf3 Nc6 3. Bb5 Bc5 4.
c3 4... a6 $6 {un coup qui n'est pas dans l'esprit de cette ouverture, a
savoir developper au plus vite l'aile-roi noire. Si les Noirs veulent jouer ...
a6, il faut le faire au coup precedent} (4... Nf6 {est le coup "classique"} 5.
O-O O-O 6. d4 Bb6 7. Bg5 h6 8. Bh4 d6 9. a4 a5 10. Re1 $14) 5. Bxc6 $6 $146 {
donne un peu trop vite le B espagnol, a mon gout.} (5. Ba4 b5 6. Bc2 {
le B gagne un temps par rapport aux variantes de l'Espagnole debutant par 3...
a6} 6... Qf6 (6... Nf6 7. d4 $1 7... exd4 8. cxd4 Bb4+ 9. Nbd2 $14) 7. O-O 7...
d6 {(7...Bb7 ou 7...Nge7 8.Re1 et 9.d4 +/=)} 8. a4 b4 9. d4 $1 9... exd4 10.
Bg5 10... Qg6 {seul coup} 11. e5 $1 11... Bf5 12. Bxf5 Qxf5 13. cxd4 {
(menace exd6)} 13... Nxd4 14. Nxd4 Qxg5 15. Qf3 Rd8 16. Nc6 Rc8 17. Re1 Kf8 18.
Qe2 $14) 5... dxc6 6. Nxe5 Qg5 7. O-O Qxe5 8. d4 $14 8... Qe7 9. dxc5 Qxc5 10.
Be3 { ou 10.Bf4 Qb6 11.Na3 +/= (11...Qxb2? 12.Nc4 suivi de 13.Bxc7 +-)} 10...
Qd6 11. Bd4 Ne7 12. f4 {mais pas 12.Bxg7? Rg8 13.Qxd6 cxd6 14.Bd4 Bh3 =/+}
12... O-O $14 13. Na3 c5 14. Be5 {
14.Nc4!? Qe6 15.Bxc5 Qxc4 16.Bxe7 Re8 17.Re1 Qb5 18.Ba3 +/=} 14... Qc6 $11
15. f5 f6 16. Bg3 16... b5 {si 16...Qxe4? 17.Re1 Qxf5 18.Rxe7 +-} 17. Qg4
17... g5 $2 {17...Bb7!? =} 18. Rae1 $16 18... Bb7 19. Bf2 {
ou 19.h4 h6 20.hxg5 hxg5 21.Re2 Rf7 22.e5 +/-} 19... h6 20. b4 {
20.Nc2 Rad8 21.Re2 Kh7 +/-} 20... cxb4 $14 21. cxb4 Qc3 22. Bc5 Rae8 (22...
Qxa3 $5 {semble etre une alternative viable} 23. Bxe7 Rf7 24. Bc5 Qxa2 25. Rf2
Qc4 26. Qh5 Qc3 27. Re3 Qa1+ 28. Rf1 Qe5 29. Rd1 29... Rh7 $14) 23. Re3 Qb2 24.
h4 {24.Qh5!? +/-} 24... Rf7 $14 {
24...Qxa2? 25.hxg5 hxg5 26.Rh3 Qf7 27.e5 +-} 25. hxg5 {#} 25... Rg7 $2 (25...
hxg5 $142 {et les Noirs continuent} 26. Rh3 26... Bc6 $16 (26... Qxa2 {
echoue a cause de la combinaison de mat} 27. Qh5 Qxg2+ 28. Kxg2 Bxe4+ 29. Kg1
Rh7 30. Qxe8+ Kg7 31. Qxe7+ Kg8 32. Qxh7#)) 26. Qh5 $18 26... Rd8 27. Bxe7 {
27.Re2!? Qe5 (27...Qxa3? 28.gxf6 +-) 28.gxh6 +-} 27... Rxg5 {(/\ ...Qxg2)}
28. Qf3 (28. Qh3 Rd2 29. g3 Bxe4 30. Rxe4 (30. Qxh6 $4 {
matant simplement en 3...pour les Noirs} 30... Rg2+ 31. Kh1 R2xg3+ 32. Rxe4
Qg2#) 30... Qxa3 31. Kh1 (31. Qxh6 $4 31... Qxg3+ 32. Kh1 Qg2#) 31... Qxg3 32.
Qxg3 Rxg3 33. Rg1 Rxg1+ 34. Kxg1 $18) 28... Rd2 $11 29. Rf2 {
29.g3 Kf7 30.Bxf6 Qxf6 31.Rc1 =} 29... Qc1+ (29... Qa1+ $142 {
garderait les Noirs dans la partie} 30. Rf1 Qe5 31. Rf2 (31. Bc5 $2 31... Bxe4
32. Rxe4 Rgxg2+ 33. Qxg2+ Rxg2+ 34. Kxg2 34... Qxe4+ $19) (31. Bxf6 Qxf6 32. g3
32... Rxa2 $15) 31... Rxf2 32. Kxf2 Qxe7 33. Nc2 h5 34. Nd4 Qxb4 35. Ne6 Rg4
36. Qd1 Bxe4 37. Qd8+ Kf7 38. Qd7+ Qe7 39. Nd8+ Kf8 40. Ne6+ Kf7 41. Nd8+ Kf8
42. Ne6+ 42... Kf7 {nulle}) 30. Kh2 $16 30... Rd1 (30... Rxf2 $142 $5 31. Qxf2
Rh5+ 32. Rh3 Rxh3+ 33. gxh3 Kf7 34. Bc5 Bxe4 35. Qe3 Qxe3 36. Bxe3 h5 37. Bf4
c6 38. Kg3 Bxf5 39. Bd6 Kg6 40. h4 $16) 31. g4 $18 31... h5 32. Rc2 $1 ({pas} 
32. gxh5 $2 32... Rh1+ 33. Qxh1 Rxh5+ 34. Rh3 Rxh3+ 35. Kxh3 35... Qxh1+ $19) (
{ni} 32. Rd3 $2 32... Rxd3 33. Qxd3 Rxg4 34. Bxf6 Qg1+ 35. Kh3 Kh7 36. Qd7+ Kh6
37. Bg5+ Rxg5 38. Qe6+ Kh7 39. Qf7+ $11) 32... Qa1 $4 (32... Rh1+ 33. Kg3 hxg4
34. Qe2 Qg1+ 35. Kf4 Qa1 36. Rec3 Rf1+ 37. Ke3 Re1 38. Bxf6 38... Rh5 $19 (
38... Rxe2+ 39. Kxe2 Rh5 40. Rh3 Qxf6 41. Rxh5 Bxe4 42. Rd2 $19)) 33. Bxf6 $18
33... Rh1+ $4 {33...hxg4 34.Bxa1 gxf3 35.Bf6 +-} 34. Qxh1 Qxf6 35. Rg3 (35.
e5 $142 35... Qb6 36. Qd1 c6 (36... Qxe3 $4 37. Qd8+ Kh7 38. Rxc7+ Rg7 39.
Rxg7+ Kxg7 40. f6+ Kh6 41. Qh8+ Kg5 42. Qxh5+ Kf4 43. Qf5#) 37. Rg3 $18) 35...
hxg4 36. Qd1 {36.Qe1 est meilleur Rh5+ 37.Kg2 Qxf5 38.Re2 Qf4 39.Nc2 +-}
36... Bxe4 37. Rxg4 37... Bxf5 $4 {
les Noirs craquent 37...Kf8 38.Kg1 Bxc2 39.Nxc2 Rxf5 +-} 38. Qd5+ $6 (38.
Rxg5+ $1 {est le plus direct} 38... Qxg5 39. Rg2 Qxg2+ 40. Kxg2 $18) (38. Qd5+
Kf8 39. Qc5+ Kf7 40. Qxc7+ Kg6 41. Rh4 Bd7 42. Rd2 Rg4 43. Qc2+ Kg5 44. Rd5+
Bf5 45. Rxf5+ Qxf5 46. Rh5+ Kxh5 47. Qxf5+ Rg5 48. Qh3+ $18) 1-0

[Event "Principal 03/04"]
[Site "?"]
[Date "2003.11.08"]
[Round "2"]
[White "Cortes, Antoine"]
[Black "Nguyen, Patrick"]
[Result "1/2-1/2"]
[WhiteElo "2118"]
[BlackElo "1860"]
[PlyCount "108"]

1. e4 c6 2. d4 d5 3. Nd2 dxe4
4. Nxe4 4... Nf6 $6 {ce n'est pas le meilleur coup, mais peut etre Patrick
voulait-il sortir des sentiers battus ?} (4... Bf5 {est le coup recommande} 5.
Ng3 Bg6 6. h4 h6 7. Nf3 Nd7 8. h5 Bh7 9. Bd3 Bxd3 10. Qxd3 10... e6 $11) ({
ou bien} 4... Nd7 5. Bc4 Ngf6 6. Ng5 e6 7. Qe2 Nb6 8. Bb3 $11) 5. Nxf6+ $14
5... gxf6 6. c3 Bf5 7. Nf3 Qc7 8. g3 Nd7 9. Bg2 Bg4 10. Qa4 Bxf3 11. Bxf3 e6
12. Be3 Bd6 13. c4 a6 14. O-O h5 15. c5 Be7 16. Rfe1 O-O-O 17. Bd2 {
17.Rad1!? est meilleur Rdg8 18.Bd2 +/=} 17... Nxc5 $15 {
profitant du clouage sur la colonne d} 18. Qc4 {18.dxc5? Rxd2 -/+} 18... Nd7
$15 19. Rac1 Ne5 20. dxe5 Rxd2 21. Qc3 Rhd8 22. exf6 Qb6 23. Re2 Bb4 24. Qe5
Rxe2 25. Bxe2 Rd5 26. Qe4 Rf5 27. Bf3 Bc5 28. Rc2 Rxf6 29. Kg2 Rf5 30. a3 30...
a5 {30...Be7 31.h4 =/+} 31. b4 {31.Qa4 Kb8 =/+} 31... axb4 $17 32. Rb2 b3
33. Qc4 33... Qb5 {33...Bxf2!? 34.Rxb3 Qa7 -/+} 34. Qxb5 $11 34... cxb5 35.
Rxb3 b6 36. Rxb5 Kc7 37. a4 Kd6 38. Rb2 38... Bd4 {
(=) 38...h4 39.Rd2+ Kc7 40.gxh4 =} 39. Rc2 $14 39... Bc5 40. Rd2+ {
40.Rc4 e5 +/=} 40... Kc7 41. Bd1 Re5 42. f4 Rf5 43. Bf3 Bd6 44. Rc2+ Kd7 45.
Rb2 Kc7 46. Rb5 Rxb5 47. axb5 h4 48. Kh3 hxg3 49. Kxg3 Kd7 50. Kg4 Ke7 51. h4
Kf6 52. h5 Kg7 53. f5 exf5+ 54. Kxf5 54... f6 {(=)} 1/2-1/2

[Event "Principal 03/04"]
[Site "?"]
[Date "2003.11.08"]
[Round "2"]
[White "Zejneli, Skender"]
[Black "Girard, Jean-Pierre"]
[Result "1-0"]
[WhiteElo "2100"]
[BlackElo "1976"]
[PlyCount "81"]

1. Nf3 Nf6 2. g3 c5 3. Bg2 e6
4. c4 d6 (4... d5 5. O-O Nc6 6. cxd5 exd5 7. d4 Bg4 8. dxc5 Bxc5 9. Bg5 O-O 10.
Nc3 10... d4 $11 {les Noirs ont un P isole mais un jeu actif de pieces}) 5. Nc3
Nbd7 6. b3 Be7 7. Bb2 a6 8. Qc2 Rb8 9. d4 cxd4 10. Nxd4 Ne5 11. Rd1 Qc7 12. O-O
Bd7 13. f4 Neg4 14. Qd3 {les Blancs ont l'initiative} 14... Qc5 15. e3 e5 16.
Nc2 16... b5 {ou 16...exf4 17.gxf4 Qh5 18.h3 Nh6 19.e4 +/-} 17. cxb5 17...
axb5 {ou 17...exf4 18.gxf4 axb5 19.b4 +/-} 18. h3 $16 18... Nh6 (18... b4 {
etait un peu mieux} 19. Na4 (19. hxg4 $143 19... bxc3 20. Ba3 e4 21. Bxe4 21...
Qc7 $11) 19... Bxa4 20. bxa4 (20. hxg4 $2 {ne mene pas au resultat attendu}
20... Bb5 21. Qd2 Bxf1 22. Rxf1 22... Nxg4 $19) 20... Nh6 $18) 19. g4 {
les Noirs ont utilise une strategie fautive dans l'ouverture et vont le payer
en laissant leur K aucentre} 19... Nhg8 20. g5 $18 20... Nh5 ({sur} 20... b4
21. Na4 Bxa4 22. gxf6 Nxf6 23. bxa4 23... O-O $18) 21. Ne4 Qa7 22. fxe5 h6 23.
Bf3 ({il y avait mieux :} 23. Qd5 23... f6 (23... Be6 $2 24. Nxd6+ $1 $18) 24.
exf6 Nhxf6 25. gxf6 Nxf6 26. Nxf6+ gxf6 27. Bxf6 Bxf6 28. Rxf6 $18) 23... hxg5
$2 {si 23...Nf4 24.Nxd6+ Bxd6 25.Qxd6 Nxh3+ 26.Kh2 +-} 24. exd6 (24. Nxd6+ {
peut etre le plus court chemin} 24... Bxd6 25. e6 Bh2+ 26. Kg2 Bxe6 27. Bc6+
Kf8 28. Ba3+ Qxa3 29. Nxa3 Be5 30. Bd7 $18) 24... Nf4 {
# 24...Bf6 est un peu mieux 25.Nd4 Kf8 26.Rf2 +-} 25. Qd2 $4 {autorise l'adve
rsaire a revenir dans la partie 25.Bd4! et les Blancs ramenent le point a la
maison Nxd3 26.Bxa7 les Noirs ont 3 pieces en prise et rien ne peut plus les
sauver Ra8 +-} 25... Nxh3+ $16 26. Kg2 Bf6 27. Nxf6+ Nxf6 28. Bxf6 {le coup i
ntermediaire 28.Bd4 est encore plus fort Qa6 29.Bxf6 gxf6 30.Nb4 suivi de Nd5
+-} 28... gxf6 $16 29. Nb4 g4 30. Bd5 30... Ng5 $4 {un oubli. Mais les Noirs
sont perdus de toute facon. 30...Rh6 31.Nc6 Bxc6 32.Bxc6+ Kf8 33.d7 +-} 31.
Rxf6 (31. Qc3 {semble mieux} 31... g3 32. Qxf6 Bh3+ 33. Kxg3 Rg8 (33... Qxe3+
34. Rf3 $18) 34. Kh2 Bxf1 35. d7+ Qxd7 36. Bc6 Rb7 37. Rxd7 Rxd7 38. Bxd7+ Kxd7
39. Qc6+ Kd8 40. Qa8+ Ke7 41. Qxg8 $18) 31... Nf3 32. Rxf3 $2 (32. Qc3 $142
32... Rh2+ 33. Kg3 Rh3+ 34. Kf4 Rc8 35. Bxf7+ Kd8 36. Bh5 Rxc3 37. Rf8+ Be8 38.
Rxe8+ Kd7 39. Re7+ Kd8 40. Rxa7 $18) 32... gxf3+ $14 33. Bxf3 Qc5 34. Bd5 {
34.Kf1 Qg5 +/=} 34... Rg8+ (34... Kf8 35. Na6 Qxd6 36. Nxb8 Bg4 (36... Rh2+
37. Kg1 Rxd2 38. Nxd7+ Qxd7 39. Rxd2 $15) 37. Kf2 Bxd1 38. Qxd1 Rh2+ 39. Kf3
39... Qxb8 $17) 35. Kf2 $11 35... Rc8 $2 {
35...Rb6!? maintien l'egalite 36.Qd4 Qxd4 37.Rxd4 Rg6 =} 36. Na6 $16 36...
Qc3 $2 {36...Qa7 37.Nc7+ Kf8 +/-} 37. Nc7+ $18 37... Rxc7 38. dxc7 {
(/\ Bxf7+)} 38... Qf6+ $2 {
38...Qxc7 39.Bxf7+! Kxf7 40.Qxd7+ Qxd7 41.Rxd7+ Ke6 +-} 39. Bf3 Qh4+ 40. Kf1
Bh3+ (40... Qh3+ {n'est guere mieux} 41. Bg2 Qf5+ 42. Ke1 f6 43. c8=Q+ Bxc8 44.
Qd8+ Kf7 45. Bd5+ Be6 46. Qd7+ Kf8 47. Qxe6 Rg1+ 48. Kd2 Qxe6 (48... Qf2+ 49.
Kc3 $18) 49. Bxe6 $18) 41. Ke2 (41. Ke2 Bf1+ 42. Kxf1 Qh3+ 43. Bg2 Qf5+ 44. Ke1
$18) 1-0

[Event "Principal 03/04"]
[Site "?"]
[Date "2003.11.08"]
[Round "2"]
[White "Crapon, Laurent"]
[Black "Ferrero, Patrick"]
[Result "1-0"]
[WhiteElo "1780"]
[BlackElo "2014"]
[PlyCount "57"]

1. d4 d5 2. c4 c6 3. Nc3 e5 4. dxe5 d4 5.
Ne4 Qa5+ 6. Nd2 Qxe5 (6... Nd7 7. e6 fxe6 8. g3 e5 9. Bg2 Ngf6 10. Ngf3 Be7 11.
O-O Qc7 12. Qc2 O-O 13. b3 Re8 14. Bb2 Bf8 15. Ng5 Nc5 16. h3 g6 17. g4 Bg7 18.
Nde4 Nfxe4 19. Nxe4 19... Ne6 $15 {Karpov,A-Bareev,E/Linares 1992/0-1 (57)}) 7.
Ngf3 $14 7... Qd6 8. Nb3 c5 9. e3 dxe3 10. Bxe3 b6 11. Be2 Bb7 12. O-O 12...
Nf6 {Les Noirs doivent combler leur retard de developpement.} 13. Qxd6 {
13.Re1 Nc6 +/=} 13... Bxd6 $11 14. Rfd1 Bc7 15. a4 a5 16. Nc1 O-O 17. Na2 Nc6
18. Nc3 Rae8 19. h3 {ou 19.Nd5 Bd8 =} 19... Nb4 20. Bg5 {20.Rac1 Ne4 =}
20... Bc6 {20...Ne4!? 21.Kf1 Nxg5 22.Nxg5 Re7 =/+} 21. Bxf6 $11 21... gxf6
22. Ne1 Be5 23. Bf3 Re6 24. Bxc6 Nxc6 25. Nd5 Nd4 26. Kf1 Rd8 27. Ra3 Kf8 28.
Nf3 28... Red6 {28...Nxf3 29.Rxf3 Kg7 30.Rfd3 +/-} 29. Nxd4 $16 {
les Noirs perdent au temps} (29. Nxd4 Bxd4 30. Rb3 $16) 1-0